[Event "ONJK 2018 B"]
[Site "Borne, Netherlands"]
[Date "2018.08.10"]
[Round "7.13"]
[White "Heij, Abedin"]
[Black "Bonenkamp, Jasper"]
[Result "1/2-1/2"]
[WhiteElo "1464"]
[BlackElo "1684"]
[PlyCount "109"]
[EventDate "2018.??.??"]

1. d4 Nf6 2. c4 g6 3. Nc3 Bg7 4. Nf3 O-O 5. e3 d6 6. h3 Nbd7 7. Be2 c5 8. d5 a6
9. O-O Rb8 10. Qc2 Ne8 11. e4 Nc7 12. a4 Nf6 13. Bd3 Bd7 14. Ra2 b5 15. axb5
axb5 16. b3 b4 17. Na4 Na8 18. Bb2 Nb6 19. Nxb6 Qxb6 20. Rfa1 Qd8 21. e5 Ne8
22. Ra7 Nc7 23. Qb1 Ra8 24. R1a2 Rxa7 25. Rxa7 Qb8 26. Qa2 Qb6 27. Kf1 Bc8 28.
Qa5 Qxa5 29. Rxa5 Ba6 30. Ke2 Ra8 31. Kd2 Bb7 32. Rxa8+ Bxa8 33. exd6 exd6 34.
Bxg7 Kxg7 35. g4 Bb7 36. Ke3 Ne8 37. Nd2 Bc8 38. Kf4 Nf6 39. Ne4 Nxe4 40. Bxe4
h6 41. h4 f6 42. f3 g5+ 43. Kg3 f5 44. Bxf5 Bxf5 45. gxf5 Kf6 46. Kg4 gxh4 47.
Kxh4 Kxf5 48. Kh5 Kf4 49. Kxh6 Kxf3 50. Kg6 Ke3 51. Kf6 Kd3 52. Ke6 Kc3 53.
Kxd6 Kxb3 54. Kxc5 Kc3 55. d6 1/2-1/2

[Event "ONJK 2018 B"]
[Site "Borne, Netherlands"]
[Date "2018.08.10"]
[Round "7.14"]
[White "Heskes, Johan"]
[Black "Van Hille, Clara"]
[Result "0-1"]
[WhiteElo "1625"]
[BlackElo "1296"]
[PlyCount "53"]
[EventDate "2018.??.??"]

1. d4 d5 2. c4 e6 3. Nc3 c5 4. e3 Nc6 5. dxc5 dxc4 6. Qxd8+ Kxd8 7. Bd2 Bxc5 8.
Bxc4 Nf6 9. Nf3 a6 10. O-O Ke7 11. Rfd1 b5 12. Bd3 Bb7 13. Ne4 Nxe4 14. Bxe4
Bd6 15. Nd4 Rac8 16. Nxc6+ Bxc6 17. Bxc6 Rxc6 18. Bc3 f6 19. e4 Rhc8 20. Rac1
b4 21. Bd2 Rc2 22. Kf1 Rxd2 23. Rxc8 Rxd1+ 24. Ke2 Ra1 25. a3 bxa3 26. bxa3
Rxa3 27. Ke1 0-1

[Event "ONJK 2018 B"]
[Site "Borne, Netherlands"]
[Date "2018.08.10"]
[Round "7.15"]
[White "Molanus, Lennart"]
[Black "Keetelaar, Denny"]
[Result "0-1"]
[WhiteElo "1603"]
[BlackElo "1286"]
[PlyCount "72"]
[EventDate "2018.??.??"]

1. d4 d5 2. c4 c6 3. Nf3 Nf6 4. Nc3 e6 5. e3 Be7 6. Bd3 O-O 7. e4 dxc4 8. Bxc4
Qa5 9. Bd2 Qh5 10. Be2 h6 11. e5 Nd5 12. Nh4 Qxh4 13. Bg4 Bb4 14. Nxd5 Bxd2+
15. Qxd2 cxd5 16. Be2 Nc6 17. Rd1 f6 18. g3 Qe4 19. f3 Qg6 20. f4 fxe5 21. dxe5
b6 22. Bd3 Qf7 23. Bb5 Bb7 24. Rc1 Rac8 25. O-O a6 26. Bxc6 Rxc6 27. Rxc6 Bxc6
28. Qf2 Qb7 29. Qd4 Rc8 30. f5 Bb5 31. Rd1 Rc4 32. Qe3 Re4 33. Qc3 exf5 34. b3
Re2 35. a4 d4 36. Rxd4 Qg2# 0-1

[Event "ONJK 2018 B"]
[Site "Borne, Netherlands"]
[Date "2018.08.10"]
[Round "7.16"]
[White "Maas, Tristan"]
[Black "Tiggelman, Laura"]
[Result "1-0"]
[WhiteElo "1431"]
[BlackElo "1500"]
[PlyCount "99"]
[EventDate "2018.??.??"]

1. e4 c5 2. Nf3 d6 3. c3 Nc6 4. d4 cxd4 5. cxd4 Bg4 6. d5 Ne5 7. Be2 Bxf3 8.
Bxf3 g6 9. O-O Bg7 10. Nc3 Nf6 11. Be3 O-O 12. Be2 Rc8 13. f3 a6 14. Rc1 b5 15.
b3 Ned7 16. a4 b4 17. Na2 a5 18. Qd2 Rc7 19. Rxc7 Qxc7 20. Rc1 Nc5 21. Qd3 Nfd7
22. Qb5 Rb8 23. Qc6 Rc8 24. Bb5 Qxc6 25. dxc6 Nb8 26. Bxc5 dxc5 27. Kf1 Bd4 28.
Rc4 e5 29. g3 Nxc6 30. f4 f6 31. Ke2 Na7 32. Bd7 Rd8 33. Be6+ Kf8 34. Kf3 Ke7
35. Bd5 Nc8 36. Rc1 Nb6 37. Bc4 Nxc4 38. Rxc4 Ke6 39. Nc1 f5 40. Ne2 exf4 41.
gxf4 fxe4+ 42. Kxe4 h5 43. Nxd4+ Rxd4+ 44. Rxd4 cxd4 45. Kxd4 Kd6 46. h4 Kc6
47. Kc4 Kb6 48. Kd5 Ka6 49. Kc5 Kb7 50. Kb5 1-0

[Event "ONJK 2018 B"]
[Site "Borne, Netherlands"]
[Date "2018.08.10"]
[Round "8.2"]
[White "Grutter, Tim"]
[Black "Albertus, Bram"]
[Result "1/2-1/2"]
[WhiteElo "1971"]
[BlackElo "1868"]
[PlyCount "54"]
[EventDate "2018.??.??"]

1. e4 c5 2. Nf3 e6 3. d4 cxd4 4. Nxd4 Nc6 5. Nc3 Qc7 6. Be3 a6 7. Be2 Nf6 8.
O-O Bb4 9. Na4 b5 10. Nxc6 dxc6 11. Nb6 Rb8 12. Nxc8 Rxc8 13. Bd3 e5 14. f4 O-O
15. Qf3 exf4 16. Bxf4 Bd6 17. Bxd6 Qxd6 18. Qh3 g6 19. Qh4 Nd7 20. Rf3 Rce8 21.
Rh3 Qd4+ 22. Kh1 Qg7 23. a4 Ne5 24. Qf2 Rd8 25. Qe3 Rd7 26. axb5 Rfd8 27. Kg1
Rf8 1/2-1/2

[Event "ONJK 2018 B"]
[Site "Borne, Netherlands"]
[Date "2018.08.10"]
[Round "8.3"]
[White "Waardenburg, Marlinde"]
[Black "Salomons, Quinten"]
[Result "1/2-1/2"]
[WhiteElo "1665"]
[BlackElo "1710"]
[PlyCount "43"]
[EventDate "2018.??.??"]

1. e4 d6 2. d4 Nf6 3. Bd3 g6 4. Nf3 Bg7 5. O-O O-O 6. h3 Nbd7 7. Nbd2 c6 8. Re1
e5 9. c3 Qc7 10. Nf1 a5 11. a4 Nb6 12. Ng3 Be6 13. Be3 Nc4 14. Bxc4 Bxc4 15.
Qd2 Rfe8 16. Bh6 Bh8 17. dxe5 dxe5 18. Qg5 Nd7 19. h4 Qd8 20. Qe3 Qb6 21. Qc1
Nc5 22. Qe3 1/2-1/2

[Event "ONJK 2018 B"]
[Site "Borne, Netherlands"]
[Date "2018.08.10"]
[Round "8.4"]
[White "Schneider, Daniel"]
[Black "Vleming, Stefan"]
[Result "1/2-1/2"]
[WhiteElo "1617"]
[BlackElo "1685"]
[PlyCount "21"]
[EventDate "2018.??.??"]

1. d4 d5 2. Bf4 Nf6 3. e3 e6 4. Nf3 Bd6 5. Bg3 O-O 6. Nbd2 b6 7. Bd3 Ba6 8. O-O
Bxd3 9. cxd3 Bxg3 10. hxg3 Nbd7 11. Rc1 1/2-1/2

[Event "ONJK 2018 B"]
[Site "Borne, Netherlands"]
[Date "2018.08.10"]
[Round "8.5"]
[White "Mainka, Irmin"]
[Black "Kracht, Raphael"]
[Result "0-1"]
[WhiteElo "1499"]
[BlackElo "2050"]
[PlyCount "56"]
[EventDate "2018.??.??"]

1. e4 e5 2. Nf3 Nc6 3. Bb5 Nge7 4. O-O g6 5. c3 Bg7 6. d3 O-O 7. Re1 d6 8. Nbd2
a6 9. Ba4 b5 10. Bb3 Na5 11. Bc2 h6 12. Nf1 f5 13. exf5 Nxf5 14. d4 exd4 15.
cxd4 Bb7 16. d5 Nc4 17. Re6 Rf6 18. Bxf5 gxf5 19. Ng3 Rxe6 20. dxe6 Qf6 21. Nh5
Qxe6 22. Nxg7 Kxg7 23. b3 Bxf3 24. gxf3 Ne5 25. Bb2 Kh7 26. f4 Rg8+ 27. Kh1 Ng4
28. Bd4 Nxf2+ 0-1

[Event "ONJK 2018 B"]
[Site "Borne, Netherlands"]
[Date "2018.08.10"]
[Round "8.6"]
[White "Noordenbos, Daan"]
[Black "Vitharana, Annelies"]
[Result "1-0"]
[WhiteElo "1842"]
[BlackElo "1769"]
[PlyCount "61"]
[EventDate "2018.??.??"]

1. e4 c6 2. Nc3 d5 3. d4 dxe4 4. Nxe4 Bf5 5. Ng3 Bg6 6. Nh3 e6 7. Bc4 Nf6 8.
O-O Be7 9. Nf4 O-O 10. Re1 Re8 11. h4 Nbd7 12. c3 Qa5 13. b4 Qc7 14. h5 Bf5 15.
Nxf5 exf5 16. Qb3 Nd5 17. Nxd5 cxd5 18. Bxd5 Kf8 19. Bxf7 Nf6 20. Bxe8 Rxe8 21.
h6 g6 22. Bg5 Ng4 23. f4 Bxg5 24. Rxe8+ Kxe8 25. Qg8+ Kd7 26. Qxh7+ Be7 27. Re1
Kc6 28. Qxe7 Qxf4 29. Qc5+ Kd7 30. Qd5+ Kc7 31. Re7+ 1-0

[Event "ONJK 2018 B"]
[Site "Borne, Netherlands"]
[Date "2018.08.10"]
[Round "8.7"]
[White "Boghossian, Wahe"]
[Black "Broersma, Sven"]
[Result "1-0"]
[WhiteElo "1780"]
[BlackElo "1716"]
[PlyCount "41"]
[EventDate "2018.??.??"]

1. e4 c5 2. Nf3 d6 3. d4 cxd4 4. Nxd4 Nf6 5. Nc3 g6 6. Be2 Bg7 7. Be3 Nc6 8.
Nb3 Bd7 9. O-O O-O 10. f4 h5 11. h3 Kh7 12. Bf3 Rh8 13. Qd2 a6 14. Rad1 Qc7 15.
Qf2 e6 16. Na4 b5 17. Nb6 Rad8 18. Nxd7 Rxd7 19. c3 Rb8 20. Qh4 Bf8 21. Qxf6
1-0

[Event "ONJK 2018 B"]
[Site "Borne, Netherlands"]
[Date "2018.08.10"]
[Round "8.8"]
[White "Schaefer, Daniel"]
[Black "Kamp, Aaron"]
[Result "0-1"]
[WhiteElo "1739"]
[BlackElo "1784"]
[PlyCount "120"]
[EventDate "2018.??.??"]

1. d4 Nf6 2. c4 g6 3. Nc3 d5 4. cxd5 Nxd5 5. e4 Nxc3 6. bxc3 Bg7 7. Bc4 O-O 8.
Ne2 c5 9. O-O Nc6 10. Be3 Na5 11. Bd5 e6 12. Bb3 c4 13. Bc2 e5 14. d5 Qd6 15.
a4 f5 16. f3 b6 17. Bc1 Nb7 18. Ba3 Nc5 19. Qd2 fxe4 20. fxe4 Bd7 21. Rfb1 Qe7
22. Rb4 Qh4 23. Rxc4 Qf2+ 24. Kh1 Bg4 25. Bxc5 bxc5 26. Bd3 Bc8 27. a5 Bd7 28.
Qb2 Rab8 29. Qa3 Bb5 30. Rd1 Bxc4 31. Bxc4 Qe3 32. Ng3 Kh8 33. d6 Rbd8 34. d7
Rxd7 35. Rb1 Rfd8 36. Bd5 h5 37. Qb3 Kh7 38. Qc4 h4 39. Nf1 Qf2 40. h3 Bh6 41.
Nh2 Bg7 42. Ng4 Qf8 43. Rf1 Qd6 44. Qe2 Rf8 45. Rb1 Rf4 46. a6 Qf8 47. Kg1 Rd6
48. Rb7 Kh8 49. Rxa7 Rb6 50. Rb7 Rxb7 51. axb7 Kh7 52. Qb5 Qb8 53. Qxc5 Bf8 54.
Qc8 Qa7+ 55. Kh2 Rf1 56. Qc7+ Bg7 57. Nf6+ Kh6 58. Ng8+ Kh5 59. Nf6+ Bxf6 60.
Qh7+ Kg5 0-1

[Event "ONJK 2018 B"]
[Site "Borne, Netherlands"]
[Date "2018.08.10"]
[Round "8.9"]
[White "Adema, Marrit"]
[Black "Maas, Tristan"]
[Result "1-0"]
[WhiteElo "1583"]
[BlackElo "1431"]
[PlyCount "73"]
[EventDate "2018.??.??"]

1. d4 d5 2. c4 dxc4 3. Nc3 e6 4. e4 Nf6 5. a3 Nc6 6. Nf3 Be7 7. Bxc4 b6 8. Bb5
Bd7 9. Bg5 O-O 10. O-O a6 11. Bc4 h6 12. Be3 Ng4 13. Bf4 Nf6 14. Bb3 Na5 15.
Bc2 Bc6 16. Qd3 Qd7 17. e5 Bb5 18. Nxb5 Qxb5 19. exf6 Qxd3 20. Bxd3 Bxf6 21.
Bxc7 Nb3 22. Rad1 Nxd4 23. Nxd4 Bxd4 24. Be4 Rac8 25. Bd6 Bxb2 26. Bxf8 Rxf8
27. Rd6 Rb8 28. a4 Be5 29. Rc6 Bd4 30. Rfc1 Bc5 31. a5 f5 32. axb6 Bxb6 33. Bd3
a5 34. Rb1 Rd8 35. Rcxb6 Rxd3 36. Rxe6 Kf7 37. Re5 1-0

[Event "ONJK 2018 B"]
[Site "Borne, Netherlands"]
[Date "2018.08.10"]
[Round "8.10"]
[White "Van Hille, Clara"]
[Black "Ekker, Laurens"]
[Result "0-1"]
[WhiteElo "1296"]
[BlackElo "1515"]
[PlyCount "64"]
[EventDate "2018.??.??"]

1. e4 e5 2. Nf3 Nc6 3. Bc4 Nf6 4. d3 Bc5 5. Nc3 d6 6. h3 Be6 7. Bb3 Bxb3 8.
axb3 h6 9. Be3 Bxe3 10. fxe3 d5 11. exd5 Nxd5 12. Qd2 O-O 13. O-O Re8 14. Nxd5
Qxd5 15. e4 Qd6 16. Qf2 Re6 17. Nh4 Qd4 18. Qxd4 Nxd4 19. Rf2 Rc6 20. c3 Nxb3
21. Raf1 f6 22. Nf5 Re6 23. Rd1 Rd8 24. Re2 Kh7 25. Nh4 Red6 26. Re3 Nc5 27.
Nf5 Rxd3 28. Rexd3 Rxd3 29. Rxd3 Nxd3 30. b4 Nc1 31. Ne3 Ne2+ 32. Kf1 Nxc3 0-1

[Event "ONJK 2018 B"]
[Site "Borne, Netherlands"]
[Date "2018.08.10"]
[Round "8.11"]
[White "Keetelaar, Denny"]
[Black "Bonenkamp, Jasper"]
[Result "1-0"]
[WhiteElo "1286"]
[BlackElo "1684"]
[PlyCount "23"]
[EventDate "2018.??.??"]

1. e4 c5 2. Nf3 d6 3. c3 Nf6 4. Be2 Nxe4 5. Qa4+ Bd7 6. Qxe4 Nc6 7. d4 cxd4 8.
Nxd4 Qc8 9. Be3 Ne5 10. Bf4 Ng6 11. Bxd6 Kd8 12. Bg3 1-0

[Event "ONJK 2018 B"]
[Site "Borne, Netherlands"]
[Date "2018.08.10"]
[Round "8.12"]
[White "Monteny, Pascalle"]
[Black "De Man, Luuk"]
[Result "1-0"]
[WhiteElo "1433"]
[BlackElo "1653"]
[PlyCount "89"]
[EventDate "2018.??.??"]

1. e4 c5 2. b3 Nc6 3. Bb2 e6 4. Nc3 Nf6 5. Nf3 d5 6. exd5 exd5 7. d4 Bg4 8.
dxc5 Bxc5 9. Be2 O-O 10. O-O Re8 11. h3 Bf5 12. Bd3 Qd7 13. Qd2 h6 14. Rad1 d4
15. Ne2 Bb4 16. Bxf5 Qxf5 17. Nexd4 Nxd4 18. Nxd4 Qa5 19. c3 Bf8 20. Ba1 Rad8
21. Qc2 Rc8 22. c4 b5 23. Rc1 bxc4 24. bxc4 Rc5 25. Nb3 Qb6 26. Nxc5 Bxc5 27.
Rb1 Qc6 28. Bxf6 Qxf6 29. Rfe1 Rd8 30. Rbd1 Rb8 31. Re2 Bd4 32. Rde1 Kf8 33.
Qe4 Kg8 34. Qd3 Kf8 35. Qa3+ Kg8 36. Re8+ Kh7 37. Qd3+ g6 38. R8e2 Rd8 39. Qf3
Qg7 40. Re7 Rf8 41. Rb1 Bc5 42. Rd7 Kg8 43. Qd5 Ba3 44. Rxa7 Bc5 45. Qxc5 1-0

[Event "ONJK 2018 B"]
[Site "Borne, Netherlands"]
[Date "2018.08.10"]
[Round "8.13"]
[White "Huang, Wendy"]
[Black "Heij, Abedin"]
[Result "1-0"]
[WhiteElo "1648"]
[BlackElo "1464"]
[PlyCount "42"]
[EventDate "2018.??.??"]

1. e4 c5 2. Nf3 Nc6 3. d4 cxd4 4. Nxd4 e6 5. Nc3 Bc5 6. Be3 Bb4 7. Nxc6 Bxc3+
8. bxc3 bxc6 9. Be2 Qa5 10. Qd4 Nf6 11. f3 Ba6 12. Bxa6 Qxa6 13. Bg5 Rg8 14.
Kf2 Qb6 15. Rab1 Qxd4+ 16. cxd4 Kd8 17. Rb7 h6 18. Bf4 Ke7 19. Rhb1 g5 20. Bb8
a6 21. Ba7 Ke8 1-0

[Event "ONJK 2018 B"]
[Site "Borne, Netherlands"]
[Date "2018.08.10"]
[Round "8.14"]
[White "Segers, Job"]
[Black "Nopper, Louis"]
[Result "1/2-1/2"]
[WhiteElo "1565"]
[BlackElo "1386"]
[PlyCount "76"]
[EventDate "2018.??.??"]

1. e4 c5 2. Nf3 d6 3. d4 cxd4 4. Nxd4 Nf6 5. Nc3 a6 6. Bg5 e6 7. Bd3 Be7 8. O-O
O-O 9. Kh1 Nbd7 10. f4 Kh8 11. Qf3 Ng8 12. Bxe7 Nxe7 13. Rae1 Nc5 14. Qh5 Qb6
15. Nb3 Nxd3 16. cxd3 Bd7 17. d4 Rae8 18. Rf3 Ng8 19. Rfe3 Nf6 20. Qg5 h6 21.
Qh4 Bc6 22. g4 Nh7 23. g5 Qd8 24. Rh3 f5 25. gxh6 Qxh4 26. hxg7+ Kxg7 27. Rxh4
Nf6 28. Nd2 b5 29. Kg1 Kf7 30. e5 dxe5 31. dxe5 Rg8+ 32. Kf1 Ng4 33. Re2 b4 34.
Nc4 Rd8 35. Nd6+ Rxd6 36. exd6 bxc3 37. Ke1 cxb2 38. Rxb2 Nf6 1/2-1/2

[Event "ONJK 2018 B"]
[Site "Borne, Netherlands"]
[Date "2018.08.10"]
[Round "8.15"]
[White "Tiggelman, Laura"]
[Black "Basa, Manasvita"]
[Result "1/2-1/2"]
[WhiteElo "1500"]
[BlackElo "1668"]
[PlyCount "68"]
[EventDate "2018.??.??"]

1. e4 e5 2. Nf3 Nc6 3. Bc4 Bc5 4. c3 Nf6 5. d4 exd4 6. e5 Qe7 7. cxd4 Bb4+ 8.
Bd2 Ne4 9. O-O Nxd2 10. Nbxd2 O-O 11. a3 Ba5 12. Nb3 Bb6 13. Re1 d6 14. Bb5 Bd7
15. Qc2 a6 16. Bd3 h6 17. h3 Be6 18. Bc4 d5 19. Bd3 Rad8 20. Rad1 Qd7 21. Nc5
Bxc5 22. Qxc5 Bf5 23. Qc2 Ne7 24. Re3 Bxd3 25. Rexd3 Nf5 26. g4 Ne7 27. Rc3 c6
28. Nh4 f5 29. exf6 Rxf6 30. Re3 Rdf8 31. Rde1 Nc8 32. Ng6 Rd8 33. Ne7+ Kh8 34.
Qe2 Nd6 1/2-1/2

[Event "ONJK 2018 B"]
[Site "Borne, Netherlands"]
[Date "2018.08.10"]
[Round "8.16"]
[White "Brachmann, Jules"]
[Black "Heskes, Johan"]
[Result "0-1"]
[WhiteElo "1055"]
[BlackElo "1625"]
[PlyCount "90"]
[EventDate "2018.??.??"]

1. e4 c5 2. Nc3 d6 3. Bc4 Nf6 4. Nf3 g6 5. d3 Bg7 6. h3 O-O 7. O-O a6 8. Rb1 b5
9. Bd5 Nxd5 10. exd5 Bb7 11. a3 Nd7 12. Be3 Nb6 13. b3 Bxc3 14. Bd2 Nxd5 15.
Qe1 Bxd2 16. Qxd2 Kg7 17. c4 Nf6 18. Kh2 Nh5 19. Ng5 e5 20. Ne4 f5 21. Ng5 Qf6
22. Rg1 Nf4 23. Nf3 Bxf3 24. gxf3 Qd8 25. Rg3 Rb8 26. Qc2 bxc4 27. bxc4 Rxb1
28. Qxb1 Qc7 29. Rg1 Rb8 30. Qc2 Qb6 31. Rg3 Qb3 32. Qxb3 Rxb3 33. Rg1 Nxd3 34.
Rd1 Kf6 35. Kg3 f4+ 36. Kg2 Ke6 37. h4 Rxa3 38. h5 gxh5 39. Rxd3 Rxd3 40. Kg1
a5 41. Kg2 a4 42. Kg1 a3 43. Kg2 a2 44. Kg1 a1=Q+ 45. Kg2 Rd1 0-1

[Event "ONJK 2018 B"]
[Site "Borne, Netherlands"]
[Date "2018.08.11"]
[Round "9.1"]
[White "Wensing, Maximilian"]
[Black "Noordenbos, Daan"]
[Result "1/2-1/2"]
[WhiteElo "1945"]
[BlackElo "1842"]
[PlyCount "26"]
[EventDate "2018.??.??"]

1. Nf3 Nf6 2. d4 g6 3. g3 Bg7 4. Bg2 d6 5. O-O O-O 6. c4 Nbd7 7. Nc3 e5 8. e4
c6 9. dxe5 Nxe5 10. Nxe5 dxe5 11. Qe2 Qe7 12. Rd1 Be6 13. b3 Rfd8 1/2-1/2

[Event "ONJK 2018 B"]
[Site "Borne, Netherlands"]
[Date "2018.08.11"]
[Round "9.2"]
[White "Salomons, Quinten"]
[Black "Grutter, Tim"]
[Result "0-1"]
[WhiteElo "1710"]
[BlackElo "1971"]
[PlyCount "46"]
[EventDate "2018.??.??"]

1. d4 Nf6 2. c4 c5 3. d5 e6 4. Nc3 exd5 5. cxd5 d6 6. e4 g6 7. f4 Bg7 8. Bb5+
Nfd7 9. a4 O-O 10. Nf3 Na6 11. O-O Nc7 12. Be2 a6 13. Re1 Rb8 14. a5 b5 15.
axb6 Nxb6 16. Be3 Re8 17. Nd2 f5 18. Bf3 Nb5 19. exf5 Bxf5 20. Rxa6 Nxc3 21.
bxc3 Bxc3 22. Bf2 Rxe1+ 23. Qxe1 Nc4 0-1

[Event "ONJK 2018 B"]
[Site "Borne, Netherlands"]
[Date "2018.08.11"]
[Round "9.3"]
[White "Kracht, Raphael"]
[Black "Boghossian, Wahe"]
[Result "1-0"]
[WhiteElo "2050"]
[BlackElo "1780"]
[PlyCount "59"]
[EventDate "2018.??.??"]

1. e4 c5 2. d4 cxd4 3. c3 dxc3 4. Nxc3 Nc6 5. Nf3 a6 6. Bc4 e6 7. O-O b5 8. Bb3
Nge7 9. Bg5 f6 10. Be3 Na5 11. Nd4 Bb7 12. Qh5+ g6 13. Qh4 g5 14. Qh5+ Ng6 15.
Rad1 Nxb3 16. Nxe6 Qc8 17. Nxf8 Kxf8 18. axb3 Kg7 19. Bd4 h6 20. Qg4 d6 21.
Bxf6+ Kxf6 22. Rxd6+ Kf7 23. Qh5 Rg8 24. e5 Qe8 25. e6+ Kf6 26. Rfd1 Bc6 27.
Qxh6 Rc8 28. e7+ Kf7 29. Qxg5 Qxe7 30. Qf5+ 1-0

[Event "ONJK 2018 B"]
[Site "Borne, Netherlands"]
[Date "2018.08.11"]
[Round "9.4"]
[White "Albertus, Bram"]
[Black "Waardenburg, Marlinde"]
[Result "1-0"]
[WhiteElo "1868"]
[BlackElo "1665"]
[PlyCount "93"]
[EventDate "2018.??.??"]

1. c4 Nf6 2. Nc3 g6 3. g3 d5 4. cxd5 Nxd5 5. Bg2 Nxc3 6. bxc3 Bg7 7. Rb1 c6 8.
Qc2 b6 9. d3 Bb7 10. c4 O-O 11. Bb2 e5 12. Nh3 Nd7 13. O-O Qe7 14. f4 Rab8 15.
f5 Nf6 16. e4 Ng4 17. Qe2 Nf6 18. g4 Nd7 19. g5 Qd6 20. f6 Bh8 21. Nf2 h6 22.
h4 Bc8 23. Ng4 Kh7 24. Bf3 Bxf6 25. Nxf6+ Nxf6 26. gxf6 Qxf6 27. Qh2 Re8 28.
Bg4 Qe7 29. Bxc8 Rbxc8 30. Rf3 Rc7 31. Rbf1 Qe6 32. Rf6 Qg4+ 33. Kh1 Rce7 34.
Rxf7+ Rxf7 35. Rxf7+ Kg8 36. Rf2 Qd1+ 37. Qg1 Qh5 38. Qg3 Kg7 39. Kg2 Re7 40.
Kh3 c5 41. Qg4 Qxg4+ 42. Kxg4 h5+ 43. Kg5 Re6 44. Rf3 a6 45. a4 a5 46. Bc3 Kh7
47. Rf6 1-0

[Event "ONJK 2018 B"]
[Site "Borne, Netherlands"]
[Date "2018.08.11"]
[Round "9.5"]
[White "Vleming, Stefan"]
[Black "Kamp, Adrian"]
[Result "1-0"]
[WhiteElo "1685"]
[BlackElo "1850"]
[PlyCount "57"]
[EventDate "2018.??.??"]

1. e4 c5 2. Nf3 d6 3. d4 cxd4 4. Nxd4 Nf6 5. Nc3 g6 6. Be3 Bg7 7. f3 O-O 8. Qd2
Nc6 9. Bc4 Bd7 10. O-O-O Rc8 11. Bb3 Ne5 12. Kb1 Nc4 13. Bxc4 Rxc4 14. g4 b5
15. h4 h5 16. g5 Nh7 17. f4 b4 18. Nce2 Qc7 19. f5 Rc8 20. Rc1 Nf8 21. Nf4 e5
22. Nd5 exd4 23. Nxc7 dxe3 24. Qxe3 Bd4 25. Qd3 R8xc7 26. b3 Rc3 27. Qxd4 gxf5
28. Rhf1 fxe4 29. Qxe4 1-0

[Event "ONJK 2018 B"]
[Site "Borne, Netherlands"]
[Date "2018.08.11"]
[Round "9.6"]
[White "Kamp, Aaron"]
[Black "Schneider, Daniel"]
[Result "1-0"]
[WhiteElo "1784"]
[BlackElo "1617"]
[PlyCount "75"]
[EventDate "2018.??.??"]

1. e4 e5 2. d4 exd4 3. Nf3 Nc6 4. Bc4 Nf6 5. e5 d5 6. Bb5 Ne4 7. Nxd4 Bc5 8.
Be3 O-O 9. Bxc6 bxc6 10. O-O Re8 11. f3 Ng5 12. f4 Ne4 13. Nd2 Bxd4 14. Bxd4
Nxd2 15. Qxd2 c5 16. Bxc5 c6 17. Rae1 Bf5 18. Qc3 Be4 19. Bd4 Qc7 20. b4 Rec8
21. Qd2 a5 22. a3 axb4 23. axb4 Ra2 24. Rc1 Qb7 25. f5 Rb8 26. Bc5 Qb5 27. Qg5
Qe2 28. Rfe1 h6 29. Qxg7+ Kxg7 30. f6+ Kh7 31. Rxe2 Rg8 32. g3 Rg5 33. Bd4 Rf5
34. Rf1 Rxc2 35. Rxc2 Bxc2 36. e6 Rxf1+ 37. Kxf1 Bf5 38. exf7 1-0

[Event "ONJK 2018 B"]
[Site "Borne, Netherlands"]
[Date "2018.08.11"]
[Round "9.7"]
[White "Ekker, Laurens"]
[Black "Adema, Marrit"]
[Result "1-0"]
[WhiteElo "1515"]
[BlackElo "1583"]
[PlyCount "89"]
[EventDate "2018.??.??"]

1. e4 c5 2. c3 Nf6 3. e5 Nd5 4. d4 cxd4 5. cxd4 e6 6. Nf3 Nc6 7. Bc4 Nb6 8. Bb3
d6 9. O-O Qc7 10. Re1 Be7 11. Nc3 O-O 12. Bf4 a6 13. Rc1 Qd7 14. d5 exd5 15.
Nxd5 Nxd5 16. Qxd5 dxe5 17. Nxe5 Qxd5 18. Bxd5 Nb4 19. Bxf7+ Rxf7 20. Nxf7 Kxf7
21. Rc7 Be6 22. Bd6 Nc6 23. Rxb7 Rd8 24. Bxe7 Nxe7 25. Ra7 Rd6 26. f4 Kf6 27.
Rxe7 Kxe7 28. f5 Kd7 29. fxe6+ Rxe6 30. Rxe6 Kxe6 31. Kf2 Kd5 32. Ke3 Kc4 33.
g4 g5 34. h3 h6 35. Ke4 a5 36. Kf5 Kd3 37. Kg6 Kc2 38. Kxh6 Kxb2 39. Kxg5 Kxa2
40. Kh6 a4 41. g5 Kb1 42. g6 a3 43. g7 a2 44. g8=Q a1=Q 45. Qg1+ 1-0

[Event "ONJK 2018 B"]
[Site "Borne, Netherlands"]
[Date "2018.08.11"]
[Round "9.8"]
[White "Vitharana, Annelies"]
[Black "Keetelaar, Denny"]
[Result "1-0"]
[WhiteElo "1769"]
[BlackElo "1286"]
[PlyCount "53"]
[EventDate "2018.??.??"]

1. e4 e5 2. Nf3 Nc6 3. d4 exd4 4. Nxd4 Bc5 5. Be3 Qf6 6. c3 Nge7 7. Bc4 O-O 8.
O-O d6 9. Nxc6 Nxc6 10. Bxc5 dxc5 11. f4 Rd8 12. Qe2 Be6 13. Bxe6 Qxe6 14. Nd2
Rd7 15. Nf3 f6 16. h4 Re8 17. Rfe1 Qg4 18. Qe3 Red8 19. e5 Rd3 20. Qe2 Qxf4 21.
exf6 Qxf6 22. Ng5 Rd2 23. Qc4+ R2d5 24. Re6 Na5 25. Qe4 Rd1+ 26. Rxd1 Rxd1+ 27.
Kh2 1-0

[Event "ONJK 2018 B"]
[Site "Borne, Netherlands"]
[Date "2018.08.11"]
[Round "9.9"]
[White "Broersma, Sven"]
[Black "Mainka, Irmin"]
[Result "1-0"]
[WhiteElo "1716"]
[BlackElo "1499"]
[PlyCount "105"]
[EventDate "2018.??.??"]

1. d4 d5 2. c4 c6 3. Nf3 e6 4. Nc3 Bb4 5. Qc2 Nf6 6. a3 Bxc3+ 7. Qxc3 O-O 8. e3
Nbd7 9. Bd3 b6 10. O-O Bb7 11. b4 Rc8 12. c5 Ra8 13. Bb2 b5 14. Nd2 Ng4 15. h3
Nh6 16. e4 f5 17. f3 a6 18. Rae1 Qg5 19. Nb3 fxe4 20. fxe4 Rxf1+ 21. Bxf1 Rf8
22. exd5 exd5 23. Na5 Ba8 24. Bc1 Qh4 25. Bxh6 Qf2+ 26. Kh2 gxh6 27. Qe3 Qxe3
28. Rxe3 Kf7 29. Rf3+ Nf6 30. Bd3 Ke7 31. Re3+ Kf7 32. Bf5 Re8 33. Rxe8 Kxe8
34. g4 Ke7 35. Kg3 Kf8 36. Kf4 Kf7 37. Ke5 Ke7 38. h4 h5 39. g5 Ng4+ 40. Bxg4
hxg4 41. Kf4 Kf7 42. Kxg4 Kg6 43. h5+ Kg7 44. Kf5 Kf7 45. g6+ hxg6+ 46. hxg6+
Kg7 47. Kg5 Kg8 48. Kf6 Kf8 49. g7+ Kg8 50. Kg6 Bb7 51. Nxb7 a5 52. Kf6 a4 53.
Nd6 1-0

[Event "ONJK 2018 B"]
[Site "Borne, Netherlands"]
[Date "2018.08.11"]
[Round "9.10"]
[White "Monteny, Pascalle"]
[Black "Huang, Wendy"]
[Result "0-1"]
[WhiteElo "1433"]
[BlackElo "1648"]
[PlyCount "108"]
[EventDate "2018.??.??"]

1. c4 e5 2. g3 Nf6 3. Bg2 c6 4. Nf3 d6 5. Nc3 Be6 6. d3 Be7 7. O-O O-O 8. Rb1
Nbd7 9. b4 d5 10. cxd5 cxd5 11. a3 d4 12. Na4 Nd5 13. Bd2 Rc8 14. Rc1 b5 15.
Nb2 Nc3 16. Qe1 Nd5 17. e3 Bf6 18. e4 N5b6 19. h3 Qe7 20. Nh2 Rxc1 21. Qxc1 Rc8
22. Qb1 Bb3 23. Rc1 Qd8 24. f4 Na4 25. Nxa4 Bxa4 26. Ng4 exf4 27. Bxf4 Rc3 28.
Rxc3 dxc3 29. Qc1 h5 30. Nf2 Ne5 31. Bf1 Ng6 32. Be3 Qc7 33. Kg2 c2 34. d4 Qc3
35. e5 Be7 36. Ne4 Qb3 37. Kf2 a5 38. Nd2 Qa2 39. Nf3 axb4 40. axb4 Bxb4 41.
Bd3 Ba3 42. Qe1 c1=Q+ 43. Kf1 Qxe1+ 44. Kxe1 Qb3 45. Be4 Qxe3+ 46. Kf1 Qxe4 47.
Nd2 Qd3+ 48. Ke1 Bb4 49. d5 Bxd2+ 50. Kf2 Nxe5 51. d6 Qf3+ 52. Kg1 Be3+ 53. Kh2
Qf2+ 54. Kh1 Qg1# 0-1

[Event "ONJK 2018 B"]
[Site "Borne, Netherlands"]
[Date "2018.08.11"]
[Round "9.11"]
[White "Neirynck, Arthur"]
[Black "Schaefer, Daniel"]
[Result "0-1"]
[WhiteElo "1506"]
[BlackElo "1739"]
[PlyCount "82"]
[EventDate "2018.??.??"]

1. e4 e5 2. f4 d5 3. exd5 exf4 4. Bc4 Qh4+ 5. Kf1 f3 6. Bb5+ c6 7. Nxf3 Qb4 8.
Be2 cxd5 9. d4 Bd6 10. c3 Qb6 11. Qc2 Nf6 12. Bg5 Ne4 13. Bh4 Bf5 14. Bd3 Qc6
15. Nbd2 Nxd2+ 16. Qxd2 Bxd3+ 17. Qxd3 f6 18. Re1+ Kf7 19. Kf2 Nd7 20. Rhf1 Nf8
21. Kg1 Ng6 22. Qf5 Rhe8 23. g4 Kg8 24. g5 Re4 25. Bg3 Bxg3 26. hxg3 Rf8 27.
Qh3 f5 28. Nh4 Nxh4 29. gxh4 Qg6 30. Kh1 Qh5 31. Qg3 Rxh4+ 32. Kg2 Rg4 33. Qxg4
Qxg4+ 34. Kh1 f4 35. Rf2 f3 36. Re7 Qh3+ 37. Kg1 Qg3+ 38. Kf1 Qh4 39. Kg1 Qxg5+
40. Kh1 Qh4+ 41. Rh2 Qxh2+ 0-1